Southville International School and Colleges
Your cart is empty.
  • Cart
  • Lists
    Public lists Eva Luna New books Lux_list list_1
    Your lists Log in to create your own lists
  • Log in to your account
  • Your cookies
  • Search history
Southville International School and Colleges
  • Advanced search
  • Recent comments
  • Most popular
  • Libraries

Log in to your account

Log in with GOOGLE


If you do not have an external account, but do have a local account, you can still log in:

  1. Home
  2. MARC view: Auditing /
Normal view MARC view ISBD view

Auditing / (Record no. 15541)

[ view plain ]
MARC details
000 -LEADER
fixed length control field 01124cam a2200337 a 4500
001 - CONTROL NUMBER
control field 13662487
003 - CONTROL NUMBER IDENTIFIER
control field OSt
005 - DATE AND TIME OF LATEST TRANSACTION
control field 20140310182740.0
008 - FIXED-LENGTH DATA ELEMENTS--GENERAL INFORMATION
fixed length control field 040722s2006 ohua b 001 0 eng d
010 ## - LIBRARY OF CONGRESS CONTROL NUMBER
LC control number 2004110741
020 ## - INTERNATIONAL STANDARD BOOK NUMBER
International Standard Book Number 9789812659583
035 ## - SYSTEM CONTROL NUMBER
System control number (OCoLC)ocm58529562
040 ## - CATALOGING SOURCE
Original cataloging agency CVU
Transcribing agency CVU
Modifying agency DLC
042 ## - AUTHENTICATION CODE
Authentication code lccopycat
050 00 - LIBRARY OF CONGRESS CALL NUMBER
Classification number HF 5667
Item number .R58 2010
100 1# - MAIN ENTRY--PERSONAL NAME
Personal name Ricchiute, David N.
245 10 - TITLE STATEMENT
Title Auditing /
Statement of responsibility, etc David N. Ricchiute.
250 ## - EDITION STATEMENT
Edition statement 8th ed.
260 ## - PUBLICATION, DISTRIBUTION, ETC. (IMPRINT)
Place of publication, distribution, etc Mason, Ohio :
Name of publisher, distributor, etc South-Western/Thomson Learning,
Date of publication, distribution, etc 2010.
300 ## - PHYSICAL DESCRIPTION
Extent xxiii, 810 p. :
Other physical details ill. ;
Dimensions 27 cm.
500 ## - GENERAL NOTE
General note Rev. ed. of: Auditing and assurance services. 7th ed. c2003.
504 ## - BIBLIOGRAPHY, ETC. NOTE
Bibliography, etc Includes bibliographical references and index.
521 ## - TARGET AUDIENCE NOTE
Target audience note
650 #0 - SUBJECT ADDED ENTRY--TOPICAL TERM
Topical term or geographic name as entry element Auditing.
856 41 - ELECTRONIC LOCATION AND ACCESS
Materials specified Table of contents
Uniform Resource Identifier <a href="http://www.loc.gov/catdir/toc/fy054/2004110741.html">http://www.loc.gov/catdir/toc/fy054/2004110741.html</a>
906 ## - LOCAL DATA ELEMENT F, LDF (RLIN)
a 7
b cbc
c copycat
d 2
e epcn
f 20
g y-gencatlg
942 ## - ADDED ENTRY ELEMENTS (KOHA)
Source of classification or shelving scheme Library of Congress Classification
Koha item type Books
Call number prefix Foreign
Holdings
Withdrawn status Lost status Source of classification or shelving scheme Damaged status Home library Current library Shelving location Date acquired Total Checkouts Total Renewals Full call number Barcode Date last seen Date checked out Price effective from Koha item type
    Library of Congress Classification   College Library College Library General Circulation Section 08/18/2011 2 9 HF 5667 .R58 2010 C12619 05/15/2018 06/03/2017 10/18/2013 Books

Auditing /

APA

Ricchiute D. N., . (2010). Auditing. Mason, Ohio: South-Western/Thomson Learning.

Chicago

Ricchiute David N, . 2010. Auditing. Mason, Ohio: South-Western/Thomson Learning.

Harvard

Ricchiute D. N., . (2010). Auditing. Mason, Ohio: South-Western/Thomson Learning.

MLA

Ricchiute David N, . Auditing. Mason, Ohio: South-Western/Thomson Learning. 2010.

  • Place hold
  • Print
  • Cite
  • Add to your cart (remove)
  • Save record
    BIBTEX Dublin Core MARCXML MARC (non-Unicode/MARC-8) MARC (Unicode/UTF-8) MARC (Unicode/UTF-8, Standard) MODS (XML) RIS
  • More searches
    Search for this title in:
    Other Libraries (WorldCat) Other Databases (Google Scholar) Online Stores (Bookfinder.com) Open Library (openlibrary.org)

Exporting to Dublin Core...

SOUTHVILLE LIBRARY

Southville International School and Colleges Library

1281 Tropical Ave. Cor. Luxembourg St., BF Homes International, Las Pinas City

Tel. No. 8256374 / 252358 Loc. 117/146

Powered by Koha